Obstetrics by Ten Teachers (Record no. 25923)
[ view plain ]
| 000 -LEADER | |
|---|---|
| fixed length control field | 00461nam a22001937a 4500 |
| 005 - DATE AND TIME OF LATEST TRANSACTION | |
| control field | 20230712103634.0 |
| 008 - FIXED-LENGTH DATA ELEMENTS--GENERAL INFORMATION | |
| fixed length control field | 230712b |||||||| |||| 00| 0 eng d |
| 020 ## - INTERNATIONAL STANDARD BOOK NUMBER | |
| ISBN | 9780340816677 |
| 082 ## - DEWEY DECIMAL CLASSIFICATION NUMBER | |
| Classification number | 618.2 |
| Item number | OBS |
| 100 ## - MAIN ENTRY--AUTHOR | |
| Author Name | Philip,N.Baker |
| 245 ## - TITLE STATEMENT | |
| Title | Obstetrics by Ten Teachers |
| 250 ## - EDITION STATEMENT | |
| Edition statement | 18th ed. |
| 260 ## - PUBLICATION, DISTRIBUTION, ETC. | |
| Place of Publication | India |
| Name of publisher, distributor, etc. | Book Power |
| Date of publication, distribution, etc. | 2006 |
| 300 ## - PHYSICAL DESCRIPTION | |
| Pages | 340 |
| 500 ## - GENERAL NOTE | |
| General note | Include Index |
| 650 ## - SUBJECT ADDED ENTRY--TOPICAL TERM | |
| Subject / Department | Gynaecology |
| 700 ## - ADDED ENTRY--PERSONAL NAME | |
| Personal name | Philip,N.Baker |
No items available.
